[Event "I Torneo Maestros Revista Tiempo"]
[Site "Madrid ESP"]
[Date "2005.05.21"]
[Round "1.1"]
[White "Gonzalez Somoza, Oliver"]
[Black "Perez Gonzalez, Jose Manuel"]
[Result "0-1"]
[WhiteElo "2224"]
[BlackElo "2277"]
[PlyCount "108"]
[EventDate "2005.05.23"]
[EventType "tourn"]
[EventRounds "9"]
[EventCountry "ESP"]
[Source "lmi"]
[SourceDate "2005.05.28"]

1. e4 d6 2. g3 Nf6 3. Bg2 g6 4. d3 Bg7 5. Nf3 O-O 6. O-O c5 7. Qe2 Nc6 8. c3
Rb8 9. d4 cxd4 10. cxd4 Bg4 11. Rd1 Qb6 12. e5 Nd7 13. Be3 dxe5 14. dxe5 Qc7
15. e6 fxe6 16. Qc4 Nde5 17. Nxe5 Bxd1 18. Nxc6 bxc6 19. Nd2 Bh5 20. g4 Rxb2
21. Qxe6+ Kh8 22. Rd1 Bxg4 23. Qxg4 Rxa2 24. Qc4 Ra1 25. Rxa1 Bxa1 26. Nb3 Be5
27. Bd4 Rd8 28. Qxc6 Qxc6 29. Bxe5+ Qf6 30. Bxf6+ exf6 31. Bf1 Kg7 32. Kg2 f5
33. Kf3 Kf6 34. h4 Rc8 35. Na5 Rc5 36. Nc4 a5 37. Ke3 Rd5 38. Bg2 Rb5 39. Kd4
a4 40. Bc6 Rb3 41. Bxa4 Rf3 42. h5 Rxf2 43. hxg6 hxg6 44. Ke3 Rh2 45. Bd1 g5
46. Kf3 Rh3+ 47. Kf2 g4 48. Ne3 Kg5 49. Ba4 Rh2+ 50. Kg3 Ra2 51. Nxg4 Ra3+ 52.
Kf2 fxg4 53. Bc6 Kf4 54. Kg2 Ra2+ 0-1

[Event "I Torneo Maestros Revista Tiempo"]
[Site "Madrid ESP"]
[Date "2005.05.21"]
[Round "1.2"]
[White "Alvarez Abejon, Amilcar"]
[Black "Navarro Nicolas, Victor Manuel"]
[Result "0-1"]
[WhiteElo "2133"]
[BlackElo "2176"]
[PlyCount "34"]
[EventDate "2005.05.23"]
[EventType "tourn"]
[EventRounds "9"]
[EventCountry "ESP"]
[Source "lmi"]
[SourceDate "2005.05.28"]

1. d4 d5 2. c4 Nc6 3. cxd5 Qxd5 4. e3 e5 5. Nc3 Bb4 6. Bd2 Bxc3 7. Bxc3 exd4 8.
Ne2 Nf6 9. Nxd4 O-O 10. Nb5 Qg5 11. Nxc7 Bg4 12. h4 Qh6 13. Qa4 Rad8 14. Nb5
Rfe8 15. Nd4 Rxe3+ 16. fxe3 Qxe3+ 17. Ne2 Ne4 0-1

[Event "I Torneo Maestros Revista Tiempo"]
[Site "Madrid ESP"]
[Date "2005.05.21"]
[Round "1.4"]
[White "De la Barrera Montenegro, Eduardo"]
[Black "Salgado Lopez, Oscar"]
[Result "0-1"]
[WhiteElo "2037"]
[BlackElo "2132"]
[PlyCount "118"]
[EventDate "2005.05.23"]
[EventType "tourn"]
[EventRounds "9"]
[EventCountry "ESP"]
[Source "lmi"]
[SourceDate "2005.05.28"]

1. e4 c5 2. Nf3 e6 3. d3 b5 4. a4 b4 5. Be2 Bb7 6. Be3 Nf6 7. e5 Nd5 8. Nbd2
Nc6 9. O-O Qc7 10. Nc4 Be7 11. Qd2 O-O 12. a5 Ba6 13. Ra2 Rab8 14. Rfa1 Nxe3
15. fxe3 f6 16. d4 fxe5 17. Ncxe5 Bxe2 18. Qxe2 Bf6 19. Nxc6 Qxc6 20. Rd1 d5
21. a6 c4 22. b3 Rb6 23. Ra5 Rb5 24. Ra4 Rc8 25. bxc4 Qxc4 26. Qxc4 Rxc4 27.
Rb1 Be7 28. Ne1 e5 29. dxe5 Bc5 30. Rb3 Kf7 31. Ra2 Re4 32. Kf2 d4 33. Kf3 Rxe5
34. e4 Rb6 35. Nd3 Rf6+ 36. Ke2 Rxe4+ 37. Kd2 Bd6 38. Nxb4 Bxb4+ 39. Rxb4 Rd6
40. Rb7+ Re7 41. Kd3 Ke8 42. Rxe7+ Kxe7 43. Kc4 Ke6 44. Kc5 Ke5 45. Ra3 Rb6 46.
Ra4 Rb8 47. Kc6 Rc8+ 48. Kb7 Rxc2 49. Kxa7 d3 50. Ra5+ Ke4 51. Kb6 d2 52. a7
Rb2+ 53. Ka6 d1=Q 54. a8=Q+ Ke3 55. Re5+ Kf2 56. Qf8+ Kg1 57. Qc5+ Kh1 58. Qa5
Qd6+ 59. Ka7 Qd7+ 0-1

[Event "I Torneo Maestros Revista Tiempo"]
[Site "Madrid ESP"]
[Date "2005.05.21"]
[Round "1.5"]
[White "Lopez de Turiso, Jose Angel"]
[Black "Adekola, Adedeji"]
[Result "0-1"]
[WhiteElo "2117"]
[BlackElo "2113"]
[PlyCount "98"]
[EventDate "2005.05.23"]
[EventType "tourn"]
[EventRounds "9"]
[EventCountry "ESP"]
[Source "lmi"]
[SourceDate "2005.05.28"]

1. e4 e5 2. Nf3 Nc6 3. Bb5 a6 4. Bxc6 dxc6 5. O-O f6 6. d4 exd4 7. Qxd4 Be6 8.
Qxd8+ Rxd8 9. Be3 c5 10. Nc3 c6 11. Na4 c4 12. Nb6 Ne7 13. Nd2 c3 14. bxc3 Nc8
15. Nb3 Nxb6 16. Bxb6 Rd7 17. Rad1 Be7 18. a4 Kf7 19. Rd4 Bd8 20. Rxd7+ Bxd7
21. Rd1 Ke7 22. Nc5 Bc8 23. Bxd8+ Rxd8 24. Rxd8 Kxd8 25. f4 Kc7 26. Kf2 Kb6 27.
Nb3 a5 28. Nd2 Kc5 29. Ke3 b5 30. axb5 cxb5 31. Nb3+ Kb6 32. Kd4 a4 33. Nc5 a3
34. Nb3 a2 35. e5 Be6 36. Na1 f5 37. c4 Bxc4 38. Kc3 Kc5 39. Kb2 Kd4 40. Nb3+
Ke3 41. g3 Kf2 42. Kxa2 Kg2 43. Ka3 Kxh2 44. Nd4 Kxg3 45. Nxf5+ Kxf4 46. Nxg7
Kxe5 47. Kb4 Bf7 48. Kxb5 Kf6 49. c4 Kxg7 0-1

[Event "I Torneo Maestros Revista Tiempo"]
[Site "Madrid ESP"]
[Date "2004.05.22"]
[Round "2.1"]
[White "Perez Gonzalez, Jose Manuel"]
[Black "Adekola, Adedeji"]
[Result "1-0"]
[WhiteElo "2277"]
[BlackElo "2113"]
[PlyCount "65"]
[EventDate "2005.05.23"]
[EventType "tourn"]
[EventRounds "9"]
[EventCountry "ESP"]
[Source "lmi"]
[SourceDate "2005.05.28"]

1. e4 e5 2. Nf3 Nc6 3. Bc4 Be7 4. d4 exd4 5. c3 d6 6. Qb3 Be6 7. Bxe6 fxe6 8.
Qxb7 Na5 9. Qa6 c5 10. Qb5+ Kf7 11. cxd4 Qb6 12. Qxb6 axb6 13. Nc3 cxd4 14.
Nxd4 Bf6 15. Ndb5 Be7 16. O-O Nf6 17. f4 g6 18. e5 Ne8 19. Be3 Nc4 20. Bd4 d5
21. b3 Na3 22. Nxa3 Bxa3 23. Nb5 Be7 24. Rfc1 Bd8 25. Rc6 Rb8 26. Rac1 Rg8 27.
Rc8 Rxc8 28. Rxc8 Ng7 29. Nd6+ Ke7 30. Rb8 Rh8 31. Rb7+ Kf8 32. Rf7+ Kg8 33.
Rd7 1-0

[Event "I Torneo Maestros Revista Tiempo"]
[Site "Madrid ESP"]
[Date "2005.05.22"]
[Round "2.2"]
[White "Salgado Lopez, Oscar"]
[Black "Lopez de Turiso, Jose Angel"]
[Result "1/2-1/2"]
[WhiteElo "2132"]
[BlackElo "2117"]
[PlyCount "35"]
[EventDate "2005.05.23"]
[EventType "tourn"]
[EventRounds "9"]
[EventCountry "ESP"]
[Source "lmi"]
[SourceDate "2005.05.28"]

1. e4 e5 2. Nc3 Nc6 3. Nf3 Nf6 4. d4 exd4 5. Nxd4 Bc5 6. Nxc6 bxc6 7. Bd3 d6 8.
Na4 Nd7 9. Nxc5 Nxc5 10. Be3 Nxd3+ 11. Qxd3 O-O 12. O-O Re8 13. Rfe1 c5 14. Bd2
Bb7 15. Re3 Re6 16. Bc3 Qe7 17. Rg3 Rg6 18. Re1 1/2-1/2

[Event "I Torneo Maestros Revista Tiempo"]
[Site "Madrid ESP"]
[Date "2005.05.22"]
[Round "2.3"]
[White "Navarro Nicolas, Victor Manuel"]
[Black "De la Barrera Montenegro, Eduardo"]
[Result "1-0"]
[WhiteElo "2176"]
[BlackElo "2037"]
[PlyCount "73"]
[EventDate "2005.05.23"]
[EventType "tourn"]
[EventRounds "9"]
[EventCountry "ESP"]
[Source "lmi"]
[SourceDate "2005.05.28"]

1. d4 d5 2. Nf3 Nf6 3. c4 e6 4. Bg5 Nbd7 5. Nc3 Bb4 6. cxd5 exd5 7. e3 c5 8.
Bd3 O-O 9. O-O Bxc3 10. bxc3 Re8 11. Qc2 h6 12. Bh4 Qc7 13. Bg3 Qc6 14. Rab1 a6
15. a4 Ne4 16. c4 Nxg3 17. hxg3 dxc4 18. Bxc4 cxd4 19. Nxd4 Qf6 20. Bd5 Rb8 21.
a5 Nf8 22. Qc7 Nd7 23. Bxb7 Bxb7 24. Rxb7 Rxb7 25. Qxb7 Nc5 26. Qc7 Ne4 27. Qb6
Qxb6 28. axb6 Rb8 29. Rb1 Nc3 30. Nc6 Rb7 31. Na5 Rb8 32. Rb3 Nb5 33. b7 Kf8
34. Rd3 Na7 35. Rd6 Nb5 36. Rxa6 Nc7 37. Rc6 1-0

[Event "I Torneo Maestros Revista Tiempo"]
[Site "Madrid ESP"]
[Date "2005.05.22"]
[Round "2.4"]
[White "Roa Alonso, Santiago"]
[Black "Alvarez Abejon, Amilcar"]
[Result "1/2-1/2"]
[WhiteElo "2367"]
[BlackElo "2133"]
[PlyCount "134"]
[EventDate "2005.05.23"]
[EventType "tourn"]
[EventRounds "9"]
[EventCountry "ESP"]
[Source "lmi"]
[SourceDate "2005.05.28"]

1. Nf3 Nf6 2. g3 d5 3. Bg2 c6 4. b3 Bf5 5. Bb2 e6 6. O-O Be7 7. c4 O-O 8. d3
Nbd7 9. Na3 a5 10. Nc2 h6 11. Qd2 Re8 12. Rfc1 Bf8 13. cxd5 exd5 14. a3 Bh7 15.
b4 Qe7 16. Bf1 axb4 17. axb4 Nb6 18. Bd4 Nfd7 19. Qc3 Rxa1 20. Rxa1 Ra8 21.
Rxa8 Nxa8 22. Qa1 Qd8 23. Qa7 Qb8 24. Qxb8 Nxb8 25. Bh3 b6 26. Be5 Na6 27. Bc8
N6c7 28. Bb7 c5 29. bxc5 bxc5 30. Ne3 d4 31. Nc4 Bf5 32. Nfd2 Be6 33. e4 f6 34.
Bf4 g5 35. Bd6 Bxc4 36. Nxc4 Bxd6 37. Nxd6 Nb6 38. Nf5 h5 39. f3 Kf8 40. Kf2
Na4 41. h4 gxh4 42. Nxh4 Ne6 43. Bd5 Nc7 44. Ng6+ Kg7 45. Nf4 Nxd5 46. Nxd5 Nb2
47. Nf4 Kh6 48. Ke2 c4 49. dxc4 Nxc4 50. Ne6 h4 51. gxh4 Kh5 52. Nxd4 Kxh4 53.
Kd3 Ne5+ 54. Ke3 Kh5 55. Nf5 Kg6 56. Kf4 Nd3+ 57. Kg3 Ne5 58. Nd4 Nd3 59. f4
Kf7 60. Kg4 Nb2 61. Kf3 Nc4 62. Ke2 Nd6 63. Kd3 Ke7 64. Nf5+ Nxf5 65. exf5 Kd7
66. Kc3 Kc7 67. Kd4 Kd6 1/2-1/2

[Event "I Torneo Maestros Revista Tiempo"]
[Site "Madrid ESP"]
[Date "2005.05.22"]
[Round "2.5"]
[White "Gonzalez Somoza, Oliver"]
[Black "Longa Yauca, Javier"]
[Result "1-0"]
[WhiteElo "2224"]
[BlackElo "2336"]
[PlyCount "41"]
[EventDate "2005.05.23"]
[EventType "tourn"]
[EventRounds "9"]
[EventCountry "ESP"]
[Source "lmi"]
[SourceDate "2005.05.28"]

1. e4 Nf6 2. Nc3 e5 3. Nf3 Nc6 4. d4 exd4 5. Nxd4 Bb4 6. Bc4 O-O 7. Bg5 h6 8.
h4 d5 9. Bxd5 Nxd5 10. Nxc6 Bxc3+ 11. bxc3 Qe8 12. Qxd5 bxc6 13. Qd4 hxg5 14.
hxg5 Bf5 15. Rh4 Rd8 16. Qe3 Qd7 17. Ke2 f6 18. Rah1 Bg6 19. gxf6 Rxf6 20. e5
Kf7 21. Rd4 1-0

[Event "I Torneo Maestros Revista Tiempo"]
[Site "Madrid ESP"]
[Date "2005.05.23"]
[Round "3.1"]
[White "Longa Yauca, Javier"]
[Black "Perez Gonzalez, Jose Manuel"]
[Result "1-0"]
[WhiteElo "2336"]
[BlackElo "2277"]
[PlyCount "95"]
[EventDate "2005.05.23"]
[EventType "tourn"]
[EventRounds "9"]
[EventCountry "ESP"]
[Source "lmi"]
[SourceDate "2005.05.28"]

1. d4 c5 2. d5 Nf6 3. Nc3 g6 4. e4 d6 5. Nf3 Bg7 6. h3 O-O 7. Bd3 Na6 8. O-O
Nc7 9. Re1 Rb8 10. a4 b6 11. Bf4 a6 12. Bf1 Nd7 13. Qd2 Re8 14. Rad1 b5 15.
axb5 axb5 16. e5 dxe5 17. Nxe5 Nxe5 18. Rxe5 Bxe5 19. Bxe5 f6 20. Bg3 Rb6 21.
Ne4 Na6 22. Qe3 Bd7 23. Nxc5 Nxc5 24. Qxc5 Rb7 25. b4 Qb6 26. Re1 Bf5 27. d6 e5
28. f4 e4 29. Bf2 Qxc5 30. bxc5 Bd7 31. Bd4 Kf7 32. Kf2 Bc6 33. Ra1 Ke6 34. Be2
f5 35. Ra6 Kd7 36. Ke3 Rc8 37. Be5 Rcb8 38. Kd4 Re8 39. g4 Reb8 40. h4 Rg8 41.
c3 Re8 42. Bd1 Rc8 43. gxf5 gxf5 44. Bb3 Rbb8 45. Ra1 Rf8 46. Rg1 Rfe8 47. Rg7+
Kd8 48. Rc7 1-0

[Event "I Torneo Maestros Revista Tiempo"]
[Site "Madrid ESP"]
[Date "2005.05.23"]
[Round "3.2"]
[White "Alvarez Abejon, Amilcar"]
[Black "Gonzalez Somoza, Oliver"]
[Result "0-1"]
[WhiteElo "2133"]
[BlackElo "2224"]
[PlyCount "84"]
[EventDate "2005.05.23"]
[EventType "tourn"]
[EventRounds "9"]
[EventCountry "ESP"]
[Source "lmi"]
[SourceDate "2005.05.28"]

1. d4 d5 2. c4 Nc6 3. cxd5 Qxd5 4. e3 e5 5. Nc3 Bb4 6. Bd2 Bxc3 7. Bxc3 exd4 8.
Ne2 Nf6 9. Nxd4 O-O 10. Qf3 Ne5 11. Qxd5 Nxd5 12. Bd2 c5 13. Nf3 Nxf3+ 14. gxf3
b6 15. Bc4 Be6 16. Rg1 Rad8 17. O-O-O Nxe3 18. fxe3 Bxc4 19. Bc3 Rxd1+ 20. Kxd1
Rd8+ 21. Kc1 g6 22. b3 Be2 23. f4 Rd3 24. Bd2 f5 25. Kc2 Rd7 26. Bc3 Kf7 27.
Rg2 Bd3+ 28. Kc1 Ke6 29. Rd2 b5 30. Be5 c4 31. bxc4 Bxc4 32. Rxd7 Kxd7 33. a3
Kc6 34. h4 Kd5 35. Kb2 Ke4 36. Bd4 Kf3 37. Bxa7 Kg4 38. Kc3 Kxh4 39. Kd2 Kg3
40. Bb8 h5 41. e4 h4 42. exf5 gxf5 0-1

[Event "I Torneo Maestros Revista Tiempo"]
[Site "Madrid ESP"]
[Date "2005.05.23"]
[Round "3.4"]
[White "Lopez de Turiso, Jose Angel"]
[Black "Navarro Nicolas, Victor Manuel"]
[Result "0-1"]
[WhiteElo "2117"]
[BlackElo "2176"]
[PlyCount "86"]
[EventDate "2005.05.23"]
[EventType "tourn"]
[EventRounds "9"]
[EventCountry "ESP"]
[Source "lmi"]
[SourceDate "2005.05.28"]

1. d4 d5 2. e3 Nc6 3. f4 Bf5 4. Nf3 e6 5. c3 Bd6 6. Bd3 Nge7 7. Nh4 Bxd3 8.
Qxd3 O-O 9. Nd2 f6 10. c4 b6 11. O-O Kh8 12. Nb3 Nb4 13. Qe2 c5 14. Bd2 Nbc6
15. Bc3 Qc8 16. dxc5 bxc5 17. cxd5 exd5 18. Qh5 a5 19. Rae1 a4 20. Nc1 Rb8 21.
Nd3 Qa6 22. Qe2 a3 23. bxa3 Qxa3 24. Ba1 c4 25. Nc1 Bc5 26. Kh1 Rb1 27. Bd4 Bb4
28. Rd1 Nxd4 29. exd4 Nc6 30. Qh5 Rd8 31. Rf3 Qb2 32. Rff1 Bd2 33. Qf7 Qc2 34.
Rfe1 Bxe1 35. Nf5 Qxf5 36. Rxe1 Rg8 37. h3 Qxf4 38. Qxd5 Rxc1 39. Rxc1 Qxc1+
40. Kh2 Qf4+ 41. Kg1 Nxd4 42. a4 c3 43. a5 c2 0-1

[Event "I Torneo Maestros Revista Tiempo"]
[Site "Madrid ESP"]
[Date "2005.05.23"]
[Round "3.5"]
[White "Adekola, Adedeji"]
[Black "Salgado Lopez, Oscar"]
[Result "0-1"]
[WhiteElo "2113"]
[BlackElo "2132"]
[PlyCount "114"]
[EventDate "2005.05.23"]
[EventType "tourn"]
[EventRounds "9"]
[EventCountry "ESP"]
[Source "lmi"]
[SourceDate "2005.05.28"]

1. e4 c5 2. Nf3 e6 3. c3 Nf6 4. e5 Nd5 5. c4 Ne7 6. b3 Nbc6 7. Bb2 Nf5 8. Nc3
Be7 9. Ne4 O-O 10. Bd3 b6 11. Ng3 Nfd4 12. Nxd4 cxd4 13. O-O d6 14. exd6 Qxd6
15. Be4 Bb7 16. d3 f5 17. Bf3 g6 18. Re1 Bf6 19. Rxe6 Qd7 20. Bd5 Kg7 21. Qe2
Nd8 22. Rxf6 Rxf6 23. Bxd4 Bxd5 24. Qe5 Qe6 25. cxd5 Qxe5 26. Bxe5 Nf7 27. Bd4
Rd8 28. Re1 Rxd5 29. Bb2 Rdd6 30. Re7 Kf8 31. Bxf6 Rxf6 32. Rc7 a5 33. Kf1 Rd6
34. Ke2 Ne5 35. Rc3 Ke7 36. h3 Nc6 37. a3 Nd4+ 38. Kd2 Nb5 39. Rc8 Nxa3 40. Ne2
Nb5 41. Rh8 h5 42. Rh7+ Kf6 43. Nf4 Nd4 44. Kc3 Ne6 45. Nxe6 Kxe6 46. Rc7 Kd5
47. h4 Rc6+ 48. Rxc6 Kxc6 49. f3 Kd5 50. g3 b5 51. f4 Kc5 52. d4+ Kd5 53. Kd3
a4 54. bxa4 bxa4 55. Kc3 a3 56. Kb3 Kxd4 57. Kxa3 Ke3 0-1

[Event "I Torneo Maestros Revista Tiempo"]
[Site "Madrid ESP"]
[Date "2005.05.24"]
[Round "4.1"]
[White "Perez Gonzalez, Jose Manuel"]
[Black "Salgado Lopez, Oscar"]
[Result "0-1"]
[WhiteElo "2277"]
[BlackElo "2132"]
[PlyCount "88"]
[EventDate "2005.05.23"]
[EventType "tourn"]
[EventRounds "9"]
[EventCountry "ESP"]
[Source "lmi"]
[SourceDate "2005.05.28"]

1. e4 c5 2. Nf3 e6 3. d4 cxd4 4. Nxd4 a6 5. Be2 Nf6 6. Nc3 Qc7 7. O-O Nc6 8.
Be3 b5 9. Nxc6 dxc6 10. a4 b4 11. Na2 Nxe4 12. Qd4 Nf6 13. Nxb4 Bd6 14. Qh4 c5
15. Nd3 Bb7 16. c4 h6 17. f4 Be4 18. Bf3 Qc6 19. Ne5 Qb7 20. Rad1 Rd8 21. Bc1
O-O 22. Ng4 Nxg4 23. Qxg4 Be7 24. Rde1 Bxf3 25. Rxf3 Qb4 26. Qg3 Qxc4 27. b3
Qc2 28. Rc3 Qf5 29. Be3 Rd5 30. Rec1 Rfd8 31. h3 Rd1+ 32. Kh2 Rxc1 33. Bxc1 Bf6
34. Rf3 Rd1 35. Be3 h5 36. Qf2 Qb1 37. g3 Bd4 38. Bxd4 cxd4 39. f5 exf5 40.
Rxf5 Qc1 41. Qg2 Rd2 42. Rf2 Rxf2 43. Qxf2 d3 44. Qf3 Qc2+ 0-1

[Event "I Torneo Maestros Revista Tiempo"]
[Site "Madrid ESP"]
[Date "2005.05.24"]
[Round "4.2"]
[White "Navarro Nicolas, Victor Manuel"]
[Black "Adekola, Adedeji"]
[Result "0-1"]
[WhiteElo "2176"]
[BlackElo "2113"]
[PlyCount "102"]
[EventDate "2005.05.23"]
[EventType "tourn"]
[EventRounds "9"]
[EventCountry "ESP"]
[Source "lmi"]
[SourceDate "2005.05.28"]

1. d4 Nf6 2. c4 e6 3. Nc3 Bb4 4. e3 c5 5. a3 Bxc3+ 6. bxc3 Nc6 7. Bd3 Qe7 8.
Ne2 b6 9. e4 e5 10. d5 Na5 11. Ng3 d6 12. O-O h5 13. Bg5 h4 14. Nf5 Bxf5 15.
exf5 O-O-O 16. f4 Rde8 17. Re1 Qb7 18. fxe5 dxe5 19. Be4 Nxe4 20. Rxe4 Qd7 21.
f6 Qf5 22. Qg4 Qxg4 23. Rxg4 gxf6 24. Bxf6 Rh6 25. Rf1 e4 26. Bxh4 Nxc4 27.
Rxf7 Ne5 28. Rxe4 Rxh4 29. Rxh4 Nxf7 30. Rh7 Ng5 31. Rxa7 Ne4 32. h4 Nxc3 33.
h5 Nxd5 34. h6 Nc7 35. Ra4 Rh8 36. Rh4 Kd7 37. Kf2 Ke7 38. Ke3 Kf7 39. Ke4 Kg6
40. Rg4+ Kxh6 41. Ke5 Rd8 42. a4 Rd5+ 43. Kf6 Rd4 44. Rg6+ Kh5 45. Rg5+ Kh4 46.
g3+ Kh3 47. a5 Nd5+ 48. Ke6 bxa5 49. Kd6 c4 50. Rh5+ Kg2 51. Rh8 c3 0-1

[Event "I Torneo Maestros Revista Tiempo"]
[Site "Madrid ESP"]
[Date "2005.05.24"]
[Round "4.3"]
[White "Roa Alonso, Santiago"]
[Black "Lopez de Turiso, Jose Angel"]
[Result "1-0"]
[WhiteElo "2367"]
[BlackElo "2117"]
[PlyCount "87"]
[EventDate "2005.05.23"]
[EventType "tourn"]
[EventRounds "9"]
[EventCountry "ESP"]
[Source "lmi"]
[SourceDate "2005.05.28"]

1. e4 e5 2. Bc4 Nc6 3. Nf3 Nf6 4. d3 Bc5 5. c3 d6 6. Bb3 O-O 7. Nbd2 d5 8. h3
a6 9. O-O dxe4 10. dxe4 Qe7 11. Re1 Bd7 12. Bd5 Rad8 13. b4 Ba7 14. Qb3 b5 15.
a4 Bb6 16. Qc2 Nh5 17. Bxc6 Bxc6 18. c4 bxa4 19. c5 Ba7 20. Nc4 f6 21. Ne3 Qe6
22. Nd5 Bb8 23. g4 Bxd5 24. exd5 Qxd5 25. Qa2 Nf4 26. Bxf4 exf4 27. Qxd5+ Rxd5
28. Rxa4 Rd3 29. Kg2 Rfd8 30. Rxa6 Rb3 31. Re4 c6 32. Rxc6 Be5 33. Rb6 Rdd3 34.
Rxe5 fxe5 35. Rb8+ Kf7 36. Nxe5+ Ke6 37. Re8+ Kf6 38. Nxd3 Rxd3 39. c6 Rc3 40.
b5 Kg5 41. Re5+ Kf6 42. Rf5+ Ke6 43. Rxf4 Rc5 44. Rb4 1-0

[Event "I Torneo Maestros Revista Tiempo"]
[Site "Madrid ESP"]
[Date "2005.05.24"]
[Round "4.4"]
[White "Gonzalez Somoza, Oliver"]
[Black "De la Barrera Montenegro, Eduardo"]
[Result "1/2-1/2"]
[WhiteElo "2224"]
[BlackElo "2037"]
[PlyCount "96"]
[EventDate "2005.05.23"]
[EventType "tourn"]
[EventRounds "9"]
[EventCountry "ESP"]
[Source "lmi"]
[SourceDate "2005.05.28"]

1. e4 e5 2. Nf3 Nc6 3. Bc4 Nf6 4. d4 exd4 5. O-O Be7 6. Re1 d5 7. exd5 Nxd5 8.
Ng5 O-O 9. Nxh7 Re8 10. Qh5 Be6 11. Bg5 Bxg5 12. Nxg5 Nf6 13. Bxe6 Nxh5 14.
Bxf7+ Kf8 15. Rxe8+ Qxe8 16. Bxe8 Rxe8 17. Nd2 Nb4 18. c3 Re2 19. Nge4 dxc3 20.
bxc3 Nc2 21. Rc1 Re1+ 22. Rxe1 Nxe1 23. Nc5 Nf4 24. g3 Ned3 25. Nde4 Nxc5 26.
Nxc5 Ne2+ 27. Kf1 Nxc3 28. a3 b5 29. Ne6+ Ke7 30. Nxg7 Nb1 31. Nf5+ Kf6 32. Ne3
c5 33. f4 a5 34. g4 Nxa3 35. g5+ Kg7 36. f5 b4 37. f6+ Kf7 38. Ng4 b3 39. Ne5+
Ke6 40. Nd3 c4 41. Nc5+ Kf7 42. Na4 Nb5 43. Ke2 c3 44. Kd3 b2 45. Nxb2 cxb2 46.
Kc2 Nd6 47. Kxb2 Ne4 48. h4 Nxf6 1/2-1/2

[Event "I Torneo Maestros Revista Tiempo"]
[Site "Madrid ESP"]
[Date "2005.05.25"]
[Round "5.1"]
[White "Alvarez Abejon, Amilcar"]
[Black "Perez Gonzalez, Jose Manuel"]
[Result "1-0"]
[WhiteElo "2133"]
[BlackElo "2277"]
[PlyCount "75"]
[EventDate "2005.05.23"]
[EventType "tourn"]
[EventRounds "9"]
[EventCountry "ESP"]
[Source "lmi"]
[SourceDate "2005.05.28"]

1. e4 d6 2. d4 Nf6 3. Nc3 g6 4. f4 Bg7 5. Nf3 c5 6. Bb5+ Bd7 7. e5 Ng4 8. Bxd7+
Qxd7 9. d5 dxe5 10. h3 e4 11. Nxe4 Nf6 12. Nxf6+ Bxf6 13. O-O O-O 14. Be3 Na6
15. Ne5 Qc7 16. Ng4 Bxb2 17. Rb1 Bg7 18. f5 Rad8 19. Nh6+ Kh8 20. fxg6 fxg6 21.
Nf7+ Kg8 22. Nxd8 Rxd8 23. Qg4 Nb4 24. Qe6+ Kh8 25. Rf7 Nxd5 26. Bg5 Bd4+ 27.
Kh1 Qg3 28. Rxe7 Qxg5 29. Re8+ Kg7 30. Qg8+ Kh6 31. Rxd8 Nf4 32. g4 Nxh3 33.
Rxd4 Qf6 34. g5+ Kxg5 35. Qd5+ Kh6 36. Rd2 Nf2+ 37. Kg2 Ng4 38. Rh1+ 1-0

[Event "I Torneo Maestros Revista Tiempo"]
[Site "Madrid ESP"]
[Date "2005.05.25"]
[Round "5.3"]
[White "Lopez de Turiso, Jose Angel"]
[Black "Gonzalez Somoza, Oliver"]
[Result "0-1"]
[WhiteElo "2117"]
[BlackElo "2224"]
[PlyCount "74"]
[EventDate "2005.05.23"]
[EventType "tourn"]
[EventRounds "9"]
[EventCountry "ESP"]
[Source "lmi"]
[SourceDate "2005.05.28"]

1. d4 d5 2. c4 Nc6 3. cxd5 Qxd5 4. e3 e5 5. Nc3 Bb4 6. Bd2 Bxc3 7. Bxc3 exd4 8.
Ne2 Nf6 9. Nxd4 O-O 10. Be2 Ne4 11. Bf3 Ne5 12. Qc2 Nxf3+ 13. Nxf3 Nxc3 14.
Qxc3 Bg4 15. Rd1 Qxa2 16. O-O c6 17. Rd4 Bxf3 18. gxf3 Rad8 19. Rfd1 Rxd4 20.
Rxd4 Qe6 21. Rg4 f6 22. Qa3 h5 23. Re4 Qh3 24. Re7 Qxf3 25. Qb3+ Kh8 26. Rxb7
h4 27. Qb4 Qd1+ 28. Kg2 Qd5+ 29. Kg1 Qg5+ 30. Kf1 Rd8 31. Rb8 Rxb8 32. Qxb8+
Kh7 33. Qxa7 Qb5+ 34. Kg2 Qd5+ 35. f3 Qd2+ 36. Kh3 Qf2 37. f4 f5 0-1

[Event "I Torneo Maestros Revista Tiempo"]
[Site "Madrid ESP"]
[Date "2005.05.25"]
[Round "5.4"]
[White "Adekola, Adedeji"]
[Black "Roa Alonso, Santiago"]
[Result "1/2-1/2"]
[WhiteElo "2113"]
[BlackElo "2367"]
[PlyCount "126"]
[EventDate "2005.05.23"]
[EventType "tourn"]
[EventRounds "9"]
[EventCountry "ESP"]
[Source "lmi"]
[SourceDate "2005.05.28"]

1. e4 d6 2. d4 Nf6 3. Nc3 g6 4. Bc4 Bg7 5. Nf3 O-O 6. h3 Nxe4 7. Nxe4 d5 8. Bd3
dxe4 9. Bxe4 c5 10. dxc5 Qa5+ 11. Bd2 Qxc5 12. O-O Nd7 13. Qe1 Nf6 14. Bd3 Qc7
15. Bc3 Nd5 16. Bxg7 Kxg7 17. Qe5+ Qxe5 18. Nxe5 f6 19. Nf3 e5 20. Bc4 Be6 21.
Rad1 Rfd8 22. Rfe1 Rac8 23. Bb3 Kf7 24. Rd2 Nb4 25. Bxe6+ Kxe6 26. Rxd8 Rxd8
27. c3 Nc6 28. Kf1 b5 29. Ke2 a5 30. Rd1 Rxd1 31. Kxd1 Kd5 32. Ne1 f5 33. g3 g5
34. Ke2 e4 35. f3 Ne5 36. b3 f4 37. g4 Nxf3 38. Nxf3 exf3+ 39. Kxf3 Ke5 40. Kf2
Ke4 41. Ke2 a4 42. Kd2 a3 43. Ke2 h6 44. Kd2 f3 45. c4 bxc4 46. bxc4 Kd4 47. c5
Kxc5 48. Ke3 Kc4 49. Kxf3 Kd3 50. Kf2 Kd2 51. Kf3 Ke1 52. Ke3 Kf1 53. Kf3 Kg1
54. Kg3 Kh1 55. h4 gxh4+ 56. Kxh4 Kg2 57. g5 hxg5+ 58. Kxg5 Kf3 59. Kf5 Ke3 60.
Ke5 Kd3 61. Kd5 Kc3 62. Ke4 Kb2 63. Kd3 Kxa2 1/2-1/2

[Event "I Torneo Maestros Revista Tiempo"]
[Site "Madrid ESP"]
[Date "2005.05.25"]
[Round "5.5"]
[White "Salgado Lopez, Oscar"]
[Black "Navarro Nicolas, Victor Manuel"]
[Result "1-0"]
[WhiteElo "2132"]
[BlackElo "2176"]
[PlyCount "71"]
[EventDate "2005.05.23"]
[EventType "tourn"]
[EventRounds "9"]
[EventCountry "ESP"]
[Source "lmi"]
[SourceDate "2005.05.28"]

1. e4 e6 2. d4 d5 3. e5 c5 4. c3 Qb6 5. Nf3 Nc6 6. a3 Nh6 7. b4 cxd4 8. cxd4
Nf5 9. Be3 Nxe3 10. fxe3 g6 11. Nc3 Bh6 12. Qd3 O-O 13. Be2 Bd7 14. O-O f6 15.
exf6 Rxf6 16. e4 dxe4 17. Nxe4 Rf5 18. Nc5 Rd8 19. Qb3 Bg7 20. Nxd7 Rxd7 21.
Qxe6+ Rdf7 22. Bc4 Kh8 23. Rad1 Qd8 24. d5 Re7 25. dxc6 Qb6+ 26. Kh1 Rxe6 27.
Bxe6 Rf8 28. Ng5 Rxf1+ 29. Rxf1 Bh6 30. cxb7 Qc7 31. Bc4 Qb8 32. Nf7+ Kg7 33.
Nxh6 Kxh6 34. Bd5 Kg5 35. h3 h5 36. Rc1 1-0

[Event "I Torneo Maestros Revista Tiempo"]
[Site "Madrid ESP"]
[Date "2005.05.26"]
[Round "6.2"]
[White "Roa Alonso, Santiago"]
[Black "Salgado Lopez, Oscar"]
[Result "1/2-1/2"]
[WhiteElo "2367"]
[BlackElo "2132"]
[PlyCount "97"]
[EventDate "2005.05.23"]
[EventType "tourn"]
[EventRounds "9"]
[EventCountry "ESP"]
[Source "lmi"]
[SourceDate "2005.05.28"]

1. e4 c5 2. Nf3 e6 3. d4 cxd4 4. Nxd4 a6 5. Nc3 b5 6. Bd3 Bb7 7. O-O Qc7 8. a4
b4 9. Na2 Nf6 10. Re1 Nc6 11. Nxc6 Bxc6 12. Bd2 Qb7 13. Qe2 a5 14. Nc1 d5 15.
exd5 Nxd5 16. Nb3 Be7 17. Qh5 Nf6 18. Qh3 O-O 19. Re5 Bd5 20. Bg5 g6 21. Qh4
Bxb3 22. Bxf6 Bxf6 23. Qxf6 Bd5 24. h4 Ra7 25. Rae1 Qc8 26. h5 Qd8 27. Qf4 f5
28. Bc4 Rc7 29. Bxd5 exd5 30. Rxd5 Qxd5 31. Qxc7 Rf7 32. Qg3 Kg7 33. Qf4 Rd7
34. g3 Qd4 35. Re7+ Kf6 36. Qxd4+ Rxd4 37. Rxh7 gxh5 38. Rxh5 Rc4 39. Rh6+ Kg5
40. Ra6 Rxc2 41. Rxa5 Rxb2 42. Rb5 b3 43. Kg2 Ra2 44. Rxb3 Rxa4 45. Rb6 Rc4 46.
f4+ Kh5 47. Rf6 Rc5 48. Kh3 Rb5 49. Re6 1/2-1/2